INTERNATIONAL ENCYCLOPEDIA OF ORGANIZATI (Record no. 23249)

MARC details
000 -LEADER
fixed length control field 00381nam a2200145Ia 4500
008 - FIXED-LENGTH DATA ELEMENTS--GENERAL INFORMATION
fixed length control field 240624s9999 xx 000 0 und d
041 ## - LANGUAGE CODE
Language code of text/sound track or separate title eng
082 ## - DEWEY DECIMAL CLASSIFICATION NUMBER
Classification number 302.35 CLE
100 ## - MAIN ENTRY--PERSONAL NAME
Personal name CLEGG STEWART R
245 ## - TITLE STATEMENT
Title INTERNATIONAL ENCYCLOPEDIA OF ORGANIZATI
260 ## - PUBLICATION, DISTRIBUTION, ETC.
Date of publication, distribution, etc. 2008
Place of publication, distribution, etc. London
Name of publisher, distributor, etc. Sage International
300 ## - PHYSICAL DESCRIPTION
Extent xlviii, : 411 : p. : cm. ; 28
365 ## - TRADE PRICE
Currency code GBP
Price amount 38
440 ## - SERIES STATEMENT/ADDED ENTRY--TITLE
Volume/sequential designation 3
Holdings
Withdrawn status Lost status Damaged status Not for loan Home library Current library Shelving location Date acquired Source of acquisition Cost, normal purchase price Full call number Barcode Date last seen Copy number Price effective from Koha item type
        IMTN IMTN Rack 6-A 09/29/2014 RW 495.00 302.35 CLE 23249 06/24/2024 107.6 06/24/2024 Books
Designed & Maintained by: LRC IMT Nagpur Contact: lrc@imtnag.ac.in© 2024. All Rights Reserved.